La pensée ensorcelée : la sorcellerie actuelle en Anjou et en Vendée /
Disimpan dalam:
| Pengarang Utama: | |
|---|---|
| Format: | Buku |
| Bahasa: | French |
| Diterbitkan: |
Les Sables-d'Olonne :
Le Cercle d'or : J. Huguet,
c1987.
|
| Subjek-subjek: | |
| Penanda-penanda: |
Tambah Penanda
Tiada Penanda, Jadilah orang pertama menanda rekod ini!
|
| LEADER | 00960cam a2200265Ia 4500 | ||
|---|---|---|---|
| 001 | 001574477-9 | ||
| 005 | 20020606090541.3 | ||
| 008 | 880601s1987 fr b 00010 fre d | ||
| 020 | |a 2718801514 | ||
| 035 | 0 | |a ocm18025528 | |
| 040 | |a VA@ |c VA@ |d FBH |d HLS | ||
| 043 | |a e-fr--- | ||
| 050 | 0 | 4 | |a BF1582 |b .G29 1987 |
| 090 | |a BF1582 |b .G32 1987 | ||
| 100 | 1 | |a Gaboriau, Patrick, |d 1954- | |
| 245 | 1 | 3 | |a La pensée ensorcelée : |b la sorcellerie actuelle en Anjou et en Vendée / |c Patrick Gaboriau. |
| 260 | 0 | |a Les Sables-d'Olonne : |b Le Cercle d'or : |b J. Huguet, |c c1987. | |
| 300 | |a 172 p. ; |c 24 cm. | ||
| 504 | |a Bibliography: p. [157]-172. | ||
| 650 | 0 | |a Witchcraft |z France |z Anjou |x History. | |
| 650 | 0 | |a Witchcraft |z France |z Vendée |x History. | |
| 655 | 7 | |a History. |2 fast | |
| 776 | 0 | 8 | |i Online version: |a Gaboriau, Patrick, 1954- |t Pensée ensorcelée. |d [Les Sables-d'Olonne] : Le Cercle d'or : J. Huguet, ©1987 |w (OCoLC)988016425 |
| 988 | |a 20020608 | ||
| 906 | |0 OCLC | ||


